Directing 101.

Saved in:
Bibliographic Details
Main Author: Pintoff, Ernest
Format: Book
Language:English
Published: Michael Wise Production 1999
Tags: Add Tag
No Tags, Be the first to tag this record!

MARC

LEADER 00000nam a22000007a 4500
008 211102b ||||| |||| 00| 0 eng d
020 |a 0941188671 
100 |a Pintoff, Ernest. 
245 |a Directing 101.  |c Ernest Pintoff  |g xiv, 220 p. : ill.  
260 |b Michael Wise Production  |c 1999  |d Book.  |h Studio City CA.  |i 315092.  |l PN1995.9.P7P65  |m Motion pictures--Production and direction. 
500 |a "Based on his teachings at USC and UCLA." Includes bibliographical references (p. 183-186) and index. 
942 |a lcc  |c BK  |e Olagoke, M.A.  |f 02/11/2021. 
952 |0 0  |1 0  |2 lcc  |4 0  |7 0  |9 3802  |a HOL  |b HOL  |c LP  |d 2021-11-02  |o PN1995.9.P7P65.  |p 2021-67534  |r 2021-11-02 00:00:00  |t 315092  |w 2021-11-02  |y BK 
999 |c 1900  |d 1900